[Event "It (cat.12)"]
[Site "masterchessopen.com Hastings (England)"]
[Round "8"]
[White "Nielsen Peter Heine (DEN)"]
[Black "Harikrishna P (IND)"]
[Result "1-0"]
[WhiteElo "2663"]
[BlackElo "2612"]

{ Nielsen Peter Heine (DEN) +4 =5 -0 Harikrishna P (IND) +0 =1 -0 } 1.Nf3 Nf6
2.c4 e6 3.g3 d5 4.d4 Bb4+ 5.Bd2 Be7 6.Bg2 c6 ( 6...O-O 7.O-O c6 8.Qc2 b6 9.Rd1
Ba6 10.b3 Nbd7 11.a4 Rc8 12.a5 b5 13.c5 Ne4 14.b4 f5 15.Bf4 g5 16.Be5 {
...1/2-1/2, Jirka Jiri(2400) - Harikrishna P(2568), Pardubice 2002 It (open) }
) 7.Qb3 Nbd7 ( 7...b6 8.Nc3 O-O 9.O-O Bb7 10.Rac1 Nbd7 11.cxd5 cxd5 12.Bf4 Nh5
13.Be5 f6 14.Bc7 Qxc7 15.Nxd5 Qd6 16.Nxe7+ Qxe7 17.Rc7 { ...0-1, Lima
Darcy(2475) - Rodriguez Amador(2545), Linares 1997 It (open) } ) 8.Bf4 { N } (
8.O-O O-O 9.Bf4 ( 9.Bb4 c5 10.dxc5 Bxc5 11.Nc3 Qe7 12.Bxc5 Nxc5 13.Qa3 b6
14.cxd5 exd5 15.Rad1 Bb7 16.b3 Rfd8 17.Nd4 Nfe4 { ...1/2-1/2, Golod
Vitali(2538) - Kunte Abhijit(2477), Pardubice 2002 It (open) } ) 9...b6 10.Nc3
Bb7 11.Rac1 a6 12.Rfd1 Rc8 13.c5 Ba8 14.Na4 bxc5 15.Nxc5 Nxc5 16.dxc5 Qa5
17.Bd2 Qc7 { ...1-0, Piket Jeroen(2649) - Tiviakov Sergei(2608), Rotterdam
2000 Ch Netherlands } ) 8...O-O { +0,22 } ( 8...dxc4 { !? } 9.Qxc4 Nb6 10.Qb3
a5 { +0,04 } ) 9.O-O b6 ( 9...Nh5 10.Bc1 Nhf6 11.Bf4 Ne4 12.Nc3 f5 13.Nxe4
fxe4 14.Ne5 Qb6 15.Bh3 Nxe5 { 1/2-1/2, Mittelman Gur(2410) - Psakhis
Lev(2560), Rishon le Zion 1998 It (open) } ) 10.Nc3 { = } 10...Ba6 ( 10...Bb7
11.Rac1 c5 12.cxd5 Nxd5 13.Rfd1 Nxf4 14.gxf4 Qc7 15.e3 Rad8 16.Qc4 Qb8 17.d5
exd5 18.Nxd5 Bxd5 19.Rxd5 b5 20.Qe2 { ...1/2-1/2, Tkachiev Vladislav(2648) -
Pinter Jozsef(2556), Budapest 1999 Cup European Club } ) 11.cxd5 exd5 (
11...Nxd5 12.Rfe1 Nxf4 13.gxf4 Rc8 14.Rad1 Qc7 15.Ne5 Bb7 16.e3 { 1/2-1/2,
Neverov Valeriy(2485) - Kholmov Ratmir D(2445), Moscow 1995 It (cat.8) } ) (
11...cxd5 12.Nb5 Bxb5 13.Qxb5 a6 14.Qc6 Rc8 15.Qa4 Ra8 16.Qc6 Rc8 17.Qa4 Ra8
18.Rfc1 b5 19.Qc2 Rc8 20.Bc7 Qe8 21.Qd2 { ...1-0, Markowski Tomasz(2557) -
Filippov Valerij(2605), Koszalin 1999 It (open) } ) 12.Rfd1 ( 12.Qa4 Qc8
13.Rac1 Qb7 14.Rfd1 b5 15.Qc2 b4 16.Na4 Bb5 17.Ne5 Nxe5 18.dxe5 Ne4 19.Be3 Qa6
20.Nc5 Bxc5 21.Bxc5 Nxc5 { ...1-0, Schebler Gerhard(2415) - Berezin
Oleg(2265), Groningen 1995 It (open) } ) 12...Re8 { +0,52 CAP } 13.Ne5 Bb7 {
+0,50 } ( 13...Nxe5 { !? } 14.dxe5 Nh5 15.Nxd5 cxd5 { +0,22 } ) 14.e4 Nf8
15.Nxc6 { *37 } 15...Bxc6 16.exd5 Bb7 17.d6 Bxg2 18.dxe7 Qxe7 { *37 } 19.Kxg2
Ne6 20.Be3 Ng4 21.Re1 Qf6 22.d5 Nxe3+ 23.Rxe3 Nd4 24.Rxe8+ Rxe8 25.Qd1 Nf5
26.Qd2 Qe5 { +0,85 } ( 26...Qe7 { !? } 27.Qd3 Nd6 28.Rc1 Qd7 { +0,66 } )
27.Rd1 Nd6 28.Qd3 g6 { ?! +1,32 } ( 28...Rd8 { !? } 29.Rd2 Qe7 30.Re2 Qd7 {
+0,85 } ) 29.Rd2 Qf6 30.Re2 Rxe2 31.Qxe2 Qd4 32.Qd1 Qb4 33.Qd2 Kf8 34.b3 {
+1,25 } ( 34.a3 { !? } 34...Qb3 35.Qe2 Nc4 36.Qg4 { +1,40 } ) 34...Nf5 35.Qd3
Nd6 36.Ne2 Qe1 { +1,40 } ( 36...Ke7 { !? } 37.Qc2 Ne8 38.f4 Qa5 { +1,25 } )
37.Nc3 { +1,25 } ( 37.Qe3 { !? } 37...Qb1 38.Qe5 Qe4+ 39.Qxe4 { +1,40 } )
37...Qe5 { +1,40 } ( 37...Ke7 { !? } 38.Qd4 h5 39.h4 f6 { +1,25 } ) 38.Qe3 Qf5
39.Qd4 Kg8 40.a4 Qd7 41.Qe5 h5 42.h3 Kf8 43.f3 Qc7 44.g4 hxg4 45.fxg4 Qc5
46.Kf3 Qb4 47.Ke2 Qa3 { +2,00 } ( 47...Kg8 { !? } 48.Kd3 Kh7 49.Qf6 Kg8 {
+1,70 } ) 48.Kd3 { +1,70 } ( 48.h4 { !? } 48...Qb4 49.Kd3 Ne8 50.Qd4 { +2,00 }
) 48...Qb4 { +2,00 } ( 48...Ne8 { !? } 49.h4 f6 50.Qe6 Qc1 { +1,70 } ) 49.h4
Ne8 50.Qd4 Qa3 51.h5 gxh5 52.gxh5 Kg8 { ?? +5,00 } ( 52...Qc1 { !? } 53.d6
Qf1+ 54.Kc2 Qg2+ { +2,50 } ) 53.Qe5 Qf8 54.Ne4 f5 55.Ng5 Nf6 56.Qxf5 Qh6 57.d6
{ *37 } 57...Nxh5 58.d7 Qd6+ 59.Ke3 Qe7+ { +300,00 } {#r} 1-0

[Event "It (cat.19)"]
[Site "masterchessopen.com Wijk aan Zee (Netherlands)"]
[Date "2010.01.22"]
[Round "6"]
[White "Dominguez Lenier (CUB)"]
[Black "Tiviakov Sergei (NED)"]
[Result "1-0"]
[WhiteElo "2716"]
[BlackElo "2637"]

1.d4 Nf6 2.c4 e6 3.g3 d5 4.Nf3 Bb4+ 5.Bd2 Be7 6.Bg2 c6 7.Bf4 Nbd7 8.O-O dxc4
9.a4 Nd5 10.Nc3 O-O 11.Nd2 Bb4 { N } ( 11...N7b6 12.a5 Nxf4 13.gxf4 Nd5 14.e3
Bb4 15.Nxc4 Bxc3 16.bxc3 Nxc3 17.Qb3 Nb5 18.a6 Rb8 19.Na5 Qb6 20.Rfc1 Nc7
21.Qxb6 axb6 22.axb7 Bxb7 23.Nxb7 Rxb7 24.Rxc6 Nd5 25.Bxd5 exd5 26.Rb1 Rfb8
27.Rd6 b5 28.Rb4 f6 29.f5 Kf7 30.Rxd5 g6 31.Kg2 gxf5 32.Rxf5 Ke6 33.Rc5 Rg8+
34.Kf3 Rg5 35.Rxg5 fxg5 36.Ke4 Rf7 37.f3 Rb7 38.d5+ Kd6 39.Kd4 Rf7 40.Rxb5
Rxf3 41.Rb6+ Kc7 42.Rh6 Rf7 43.e4 Rg7 44.e5 g4 45.Kc5 { 1-0, Nedilko Vasily
(UKR) 2390 - Brown Alan (ENG) 2118, Alushta (Ukraine) 2006.05.14 } ) 12.Nxc4
Nxc3 13.bxc3 Bxc3 14.Rc1 Bb4 15.Qb3 a5 16.e4 Nb6 17.Ne5 Nd7 18.Nd3 Qb6 19.Be3
Be7 20.Qc2 Qd8 21.Rfd1 Nf6 22.h3 Ne8 23.Qb3 Nc7 24.Ne5 Bb4 25.Nd3 Qe7 26.Nxb4
Qxb4 27.Qc2 Re8 { ? } ( { ? } 27...Na6 { ? } ) 28.d5 { ! DB } 28...exd5
29.exd5 Na6 ( 29...Nxd5 30.Bc5 { +?? } ) 30.dxc6 bxc6 31.Qxc6 { ! } 31...Bf5
32.Qb5 Be4 33.Rc4 Qxb5 34.axb5 Bxg2 35.Kxg2 Nb4 36.b6 Rab8 37.Rd7 h6 38.b7
{#r} 1-0

[Event "It (cat.2)"]
[Site "masterchessopen.com Moscow (Russia)"]
[Round "0"]
[White "Lopushnoy Denis (RUS)"]
[Black "Koshil Tikhon (RUS)"]
[Result "1-0"]
[WhiteElo "2295"]
[BlackElo "2084"]

1.d4 Nf6 2.Nf3 d5 3.c4 e6 4.g3 Bb4+ 5.Bd2 a5 6.Bg2 Ne4 7.Bxb4 axb4 8.Qb3 Na6
9.O-O O-O 10.Nbd2 c6 11.Qd3 Nxd2 12.Nxd2 f5 13.Nf3 Bd7 14.Ne5 Be8 15.f3 Nb8
16.Qb3 Na6 17.Rad1 f4 18.e4 h5 19.gxf4 Rxf4 20.Qe3 Qf6 21.b3 g5 22.Kh1 Kh7
23.Nd3 Rh4 24.f4 g4 25.f5 dxc4 26.e5 Rxh2+ 27.Kxh2 Qh4+ 28.Kg1 g3 29.Rf3 cxd3
30.Rxg3 Nc7 31.Qxd3 Kh8 32.Qe3 Kh7 33.Be4 {#r} 1-0

[Event "It (cat.4)"]
[Site "masterchessopen.com Madrid (Spain)"]
[Round "4"]
[White "Cuevas-Rodriguez Ma Luisa (ESP)"]
[Black "De La Cruz Lopez Jesus (ESP)"]
[Result "1-0"]
[WhiteElo "2185"]
[BlackElo "2310"]

1.d4 Nf6 2.c4 e6 3.g3 d5 4.Nf3 Bb4+ 5.Bd2 Be7 6.Bg2 O-O 7.O-O b6 8.Ne5 Bb7
9.Nc3 Na6 10.cxd5 exd5 11.Rc1 Qc8 12.Bg5 Qe6 13.Qb3 c6 14.e4 Nc7 15.Bxf6 Bxf6
16.Nxc6 dxe4 17.Nxe4 Bxc6 18.Nxf6+ Qxf6 19.Rxc6 Qe7 20.Qc4 Ne8 21.Rxb6 axb6
22.Bxa8 Nd6 23.Qd5 Qf6 24.Bc6 Rc8 25.Ba4 h6 26.Bb3 Nf5 27.Rd1 h5 28.Qe5 Qg5
29.h4 Qg6 30.Qf4 Re8 31.Bc2 {#r} 1-0

[Event "It (cat.4)"]
[Site "masterchessopen.com Sao Paulo (Brazil)"]
[Date "2007.05.04"]
[Round "3"]
[White "Maia Luciano (BRA)"]
[Black "Bronstein Luis (ARG)"]
[Result "1-0"]
[WhiteElo "2372"]
[BlackElo "2347"]

1.Nf3 Nf6 2.c4 e6 3.g3 d5 4.d4 Bb4+ 5.Bd2 a5 6.Qc2 O-O 7.Bg2 Nc6 8.O-O Ne4
9.Rd1 a4 10.Ne5 Nxd4 11.Qd3 Nxd2 12.Qxd4 c5 13.Qf4 Nxb1 14.Raxb1 d4 15.e3 f6
16.Nd3 e5 17.Qe4 Qb6 18.a3 Ba5 19.Qd5+ Be6 20.Qxc5 Rac8 21.Qxb6 Bxb6 22.c5
Bxc5 23.Bxb7 dxe3 24.Bxc8 exf2+ 25.Kf1 Rxc8 26.Nxc5 Rxc5 27.Rbc1 Rb5 28.Rd2
Kf7 29.Kxf2 h5 30.Rc7+ Kg6 31.Ra7 Bb3 32.Rdd7 Kf5 33.Rab7 Rc5 34.Rbc7 Rxc7
35.Rxc7 g5 36.Rh7 Kg4 37.Rb7 Bc2 38.Rc7 Bb3 39.Rb7 Bc2 40.Re7 Bb3 41.Rg7 h4
42.gxh4 Kxh4 43.Rb7 Bc2 44.Rc7 Bb3 45.Rc6 f5 46.Rc5 f4 47.Rxe5 g4 48.Rf5 f3
49.Rf8 Kg5 50.Kg3 Bd1 51.Rg8+ Kh5 52.Rxg4 {#r} 1-0

[Event "It (cat.5)"]
[Site "masterchessopen.com Paracin (Serbia)"]
[Round "2"]
[White "Vojinovic Goran (SRB)"]
[Black "Dinev Dejan (MKD)"]
[Result "1-0"]
[WhiteElo "2465"]
[BlackElo "2303"]

1.d4 d5 2.Nf3 Nf6 3.c4 e6 4.g3 Bb4+ 5.Bd2 Be7 6.Bg2 c6 7.Qc2 Nbd7 8.O-O O-O
9.Bg5 h6 10.Bxf6 Bxf6 11.Nbd2 e5 12.cxd5 cxd5 13.dxe5 Nxe5 14.Nxe5 Bxe5
15.Rfd1 Be6 16.Nf3 Qf6 17.Nxe5 Qxe5 18.e3 Rac8 19.Qd2 Rc6 20.Qd4 Qf5 21.e4
dxe4 22.Bxe4 Qa5 23.Bxc6 bxc6 24.b4 Qa4 25.a3 Ra8 26.Qc3 a5 27.bxa5 Bd5 28.Rd4
Qb5 29.Rb4 Qe2 30.Re1 Qh5 31.Rb6 Rxa5 32.Rb8+ Kh7 33.Qd3+ f5 34.Rb7 Qf3
35.Qxf3 Bxf3 36.Re3 Bd5 37.Ree7 Kg6 38.Rxg7+ Kf6 39.Ra7 Rc5 40.f4 Rc2 41.h4
Be4 42.Rae7 h5 43.Rgf7+ Kg6 44.Rf8 c5 45.Rc7 c4 46.Rb8 {#r} 1-0

[Event "It (cat.5)"]
[Site "masterchessopen.com La Puebla de Alfinden (Spain)"]
[Date "2010.12.08"]
[Round "9"]
[White "Garza Marco Sergio (ESP)"]
[Black "Panelo Marcelo (ARG)"]
[Result "0-1"]
[WhiteElo "2439"]
[BlackElo "2434"]

1.Nf3 Nf6 2.d4 d5 3.c4 e6 4.g3 Bb4+ 5.Bd2 Qe7 6.Bg2 O-O 7.O-O Bxd2 8.Nbxd2 b6
9.Qc2 Bb7 10.Rac1 dxc4 11.Qxc4 Rc8 12.b4 Nbd7 13.Nh4 Bd5 14.Qc3 Bxg2 15.Nxg2
Nd5 16.Qc6 Nxb4 17.Qb7 c6 18.a3 Rab8 19.Qxa7 Ra8 20.Qb7 Qd8 {#R} 0-1

[Event "It (cat.7)"]
[Site "masterchessopen.com Roznov (Czech Republic)"]
[Round "8"]
[White "Bernasek Jan (CZE)"]
[Black "Laznicka Viktor (CZE)"]
[Result "1-0"]
[WhiteElo "2422"]
[BlackElo "2348"]

1.d4 e6 2.c4 Nf6 3.Nf3 d5 4.g3 Bb4+ 5.Bd2 Be7 6.Bg2 O-O 7.O-O Nbd7 8.Nc3 c6
9.b3 b6 10.Bf4 Bb7 11.Ne5 Rc8 12.e4 Nxe5 13.Bxe5 Qd7 14.Qe2 dxe4 15.Nxe4 c5
16.Rad1 Nxe4 17.Bxe4 Bxe4 18.Qxe4 Qc6 19.Qxc6 Rxc6 20.d5 exd5 21.cxd5 Rg6
22.d6 Bd8 23.d7 f5 24.f4 Re6 25.Rd5 g6 26.Kf2 Rf7 27.Rfd1 Rfe7 28.b4 Rc6 29.b5
Rce6 30.R1d3 a5 31.bxa6 {#r} 1-0

[Event "It (cat.7)"]
[Site "masterchessopen.com Alushta (Ukraine)"]
[Date "2005.10.11"]
[Round "6"]
[White "Birjukov Sergey (RUS)"]
[Black "Khurtsidze Nino (GEO)"]
[Result "0-1"]
[WhiteElo "2318"]
[BlackElo "2434"]

1.d4 Nf6 2.Nf3 e6 3.c4 d5 4.g3 Bb4+ 5.Bd2 Be7 6.Bg2 O-O 7.Qc2 c6 8.O-O b6 9.b3
Bb7 10.Nc3 Nbd7 11.Rfd1 Rc8 12.e4 c5 13.cxd5 exd5 14.exd5 Nxd5 15.Nxd5 Bxd5
16.dxc5 Nxc5 17.Ng5 Ne4 18.Qd3 Nf6 19.Bxd5 Qxd5 20.Qxd5 Nxd5 21.Rac1 h6 22.Nf3
Ba3 23.Rc4 Rxc4 24.bxc4 Nf6 25.Be3 Rc8 26.Ne5 Bb2 27.Nd3 Ba3 28.Ne5 Rc7
29.Rd8+ Kh7 30.h4 Ne4 31.h5 Bd6 32.Bf4 Bxe5 33.Bxe5 Rxc4 34.Rd7 f6 35.Bd4 Ra4
36.Kg2 Kg8 37.Kf3 Ng5+ 38.Ke3 Ne6 39.Bc3 Ra3 40.Rd3 Nc5 41.Rd8+ Kh7 42.Kd2
Ne4+ 43.Kd3 Nxc3 44.Kc4 Nxa2 45.Rd7 a5 46.Rb7 Rc3+ 47.Kd5 Nb4+ 48.Kd6 a4
49.Ke7 Rc7+ {#R} 0-1

[Event "It (cat.8)"]
[Site "masterchessopen.com Smederevska Palanka (Yugoslavia)"]
[Round "0"]
[White "Simic Radoslav (SRB)"]
[Black "Ristic Nebojsa (SRB)"]
[Result "1-0"]
[WhiteElo "2470"]
[BlackElo "2290"]

1.d4 d5 2.c4 e6 3.Nf3 Nf6 4.g3 Bb4+ 5.Bd2 a5 6.Qc2 Nc6 7.Bg2 dxc4 8.Qxc4 Qd5
9.Qxd5 exd5 10.O-O Bf5 11.e3 Be4 12.Rc1 Bf5 13.a3 Bd6 14.Nc3 a4 15.Nb5 Bd3
16.Nxd6+ cxd6 17.Ne1 Bc4 18.Nc2 b5 19.f3 O-O 20.Bh3 h6 21.Re1 Rfe8 22.Nb4 Na5
23.Bc3 Re7 24.Kf2 g6 25.Rad1 Bb3 26.Rd2 Nc4 27.Rde2 Rae8 28.Bg2 g5 29.e4 dxe4
30.fxe4 Nb6 31.h3 d5 32.e5 Ne4+ 33.Bxe4 dxe4 34.Rxe4 Re6 35.h4 gxh4 36.Rxh4
Kg7 37.Nd3 Bc2 38.Nf4 {#r} 1-0

[Event "It (cat.8)"]
[Site "masterchessopen.com Budapest (Hungary)"]
[Round "5"]
[White "Miton Kamil (POL)"]
[Black "Berczes David (HUN)"]
[Result "1-0"]
[WhiteElo "2600"]
[BlackElo "2321"]

1.Nf3 Nf6 2.c4 e6 3.g3 d5 4.d4 Bb4+ 5.Bd2 Be7 6.Bg2 O-O 7.Qc2 c6 8.O-O Nbd7
9.Bf4 b6 10.Rd1 Ba6 11.Ne5 Nxe5 12.dxe5 Nd7 13.cxd5 cxd5 14.e4 Rc8 15.Nc3 d4
16.Rxd4 Qc7 17.Rad1 Rfd8 18.h4 h6 19.h5 Nc5 20.Rxd8+ Rxd8 21.Bf1 Bxf1 22.Kxf1
a6 23.Rxd8+ Qxd8 24.Be3 Nd7 25.f4 Qc7 26.Qd3 b5 27.Nd1 Qc6 28.Nf2 Bf8 29.Qd1
Be7 30.Qc1 Qxc1+ 31.Bxc1 Kf8 32.Ke2 Ke8 33.Be3 Bf8 34.Nd3 Be7 35.Kf3 Bf8 36.f5
Be7 37.g4 Bd8 38.f6 gxf6 39.exf6 Bxf6 40.Bxh6 Ne5+ 41.Nxe5 Bxe5 42.b3 Bf6
43.Ke3 e5 44.Kf3 Kd7 45.g5 Be7 46.Bg7 Ke8 47.h6 Bf8 48.Bf6 {#r} 1-0

[Event "It (cat.8)"]
[Site "masterchessopen.com Paris (France)"]
[Round "5"]
[White "Chabanon Jean-Luc (FRA)"]
[Black "Horvath Jozsef_ (HUN)"]
[Result "0-1"]
[WhiteElo "2431"]
[BlackElo "2508"]

{ Chabanon Jean-Luc (FRA) +4 =3 -1 Horvath Jozsef (HUN) +0 =3 -2 } 1.d4 { 1 }
1...Nf6 2.c4 e6 3.Nf3 d5 4.g3 Bb4+ 5.Bd2 Be7 6.Bg2 O-O 7.Qb3 c6 8.O-O b6 { ?/=
} 9.Rc1 { N } ( 9.Nc3 Nbd7 ( 9...Bb7 10.Bf4 Nbd7 11.cxd5 Nxd5 12.Nxd5 cxd5
13.Rfc1 Ba6 14.e4 Nf6 15.Bc7 Qe8 16.Nd2 Qd7 { 1/2-1/2, Boensch Uwe 2540 -
Pinter Jozsef 2562 , Austria 2002 Staatsliga 2001/02 } ) 10.Rac1 Ba6 11.cxd5
cxd5 12.Nb5 Bxb5 13.Qxb5 a6 14.Qc6 Ra7 15.Bf4 b5 16.Bc7 Qa8 17.Ne5 Rc8 18.Qxa8
Raxa8 19.Nc6 Bf8 20.Ba5 Ne4 21.Bxe4 dxe4 22.Rc2 { 1/2-1/2, Grischuk Alexander
2712 - Georgiev Kiril 2676 , Istanbul 2003 Ch Europe } ) ( 9.cxd5 cxd5 10.Ne5
Ne4 11.Rc1 f6 12.Nd3 Qd7 13.Bb4 Bb7 14.Bxe7 Qxe7 15.Bxe4 dxe4 16.Nf4 Re8 17.d5
Na6 18.Nxe6 Bxd5 19.Qxd5 Qxe6 20.Nc3 Rac8 21.Qxe6+ Rxe6 22.Nb5 Rec6 23.Rxc6
Rxc6 24.Kf1 Nc7 25.Nxa7 Rc2 26.Rd1 Kf7 27.Rd6 Rc1+ 28.Kg2 Ne6 { ...1-0, Zueger
Beat 2434 - Tischbierek Raj 2544 , Zurich 1999 Match "Switzerland-Germany" } )
( 9.Bg5 Bb7 10.Nc3 Nbd7 11.Rfd1 h6 12.Bxf6 Nxf6 13.Ne5 Nd7 14.Nxd7 Qxd7 15.e4
Rfd8 16.Rac1 Bf6 17.cxd5 cxd5 18.e5 Be7 19.Bf1 Rdc8 20.h4 h5 21.Bb5 Qd8 22.Ne2
Rxc1 23.Rxc1 Rc8 24.Rd1 Bf8 25.Qf3 g6 26.Bd3 Bh6 27.Kg2 Kg7 28.Nf4 Qe7 {
...1/2-1/2, Krasenkow Michal 2590 - Ruban Vadim 2535 , Elista 1995 Ch Russia }
) ( 9.Bf4 Nbd7 10.Nc3 Bb7 11.cxd5 exd5 12.Rfe1 Re8 13.Rad1 b5 14.Ne5 Nb6 15.e4
b4 16.exd5 cxd5 17.Na4 Nxa4 18.Qxa4 Qb6 19.Be3 { 1/2-1/2, Nikolaidis Ioannis
2505 - Gelashvili Tamaz 2531 , Athens 1999 It (open) } ) ( 9.Bb4 Bxb4 10.Qxb4
Bb7 11.Nc3 c5 12.dxc5 Nc6 13.Qa3 Na5 14.Rfd1 Qc8 15.cxd5 Nxd5 16.Rac1 Nxc3
17.Qxc3 Rd8 18.a4 Rxd1+ 19.Rxd1 Bd5 20.Ne1 Qa6 21.Bxd5 exd5 22.Rxd5 { 1/2-1/2,
Konopka Michal 2448 - Horvath Jozsef 2511 , Austria 2002 Staatsliga B Mitte
2002/03 } ) 9...Ba6 10.cxd5 cxd5 11.Ne5 { N } 11...Bxe2 12.Nc3 Ba6 13.Bg5 Bb7
14.Nb5 Na6 { ?! } ( 14...Ne8 { !? } 15.Bxe7 Qxe7 16.a4 a6 { } ) 15.a3 Ne4
16.Bf4 Bg5 17.Qe3 { ?! } ( 17.Bxg5 { !? } 17...Qxg5 18.Nc6 Nac5 19.dxc5 { } )
17...Bxf4 18.Qxf4 Nd6 19.Nc6 { ?! } ( 19.Bf1 { !? } 19...Nxb5 20.Bxb5 Nb8
21.Rc3 { } ) 19...Bxc6 20.Nxd6 Nb8 21.a4 a6 22.b4 Qd7 23.Rab1 { ?! } ( 23.b5 {
!? } 23...axb5 24.axb5 Rxa1 25.Rxa1 { } ) 23...Rd8 { ?! } ( 23...b5 { !? }
24.Bf1 h6 25.h4 Rd8 { } ) 24.b5 Qxd6 25.bxc6 Nxc6 26.Qd2 Rab8 27.Rc3 h6 28.Bf1
a5 29.Bb5 Nb4 30.Rbc1 e5 31.dxe5 Qxe5 32.Re3 Qf6 33.Rc7 Rbc8 34.Qc1 Rxc7
35.Qxc7 d4 36.Rf3 { ? } ( { ? } 36.Re7 Rf8 37.Rd7 d3 38.h4 { } ) 36...Nd5
37.Rxf6 Nxc7 38.Rxb6 d3 39.Kg2 Nxb5 { } {#R} 0-1

[Event "It (cat.8)"]
[Site "masterchessopen.com Budapest (Hungary)"]
[Date "2006.04.07"]
[Round "7"]
[White "Ilincic Zlatko (SRB)"]
[Black "Szabo Krisztian (HUN)"]
[Result "1-0"]
[WhiteElo "2451"]
[BlackElo "2476"]

{ Ilincic Zlatko (SCG) +9 =6 -3 } 1.d4 Nf6 2.c4 e6 3.Nf3 d5 4.g3 Bb4+ 5.Bd2
Be7 6.Qc2 O-O 7.Bg2 c6 8.O-O Nbd7 { ?/= } 9.a4 ( 9.b4 Ne4 10.Be1 f5 11.a4 Bd6
12.b5 Ndf6 13.Nbd2 Bd7 14.Ne5 Bxe5 15.dxe5 Ng4 16.Qb2 Qc7 17.Nf3 dxc4 18.h3
Nh6 19.Bb4 Rfd8 20.Be7 Rdc8 21.Bd6 Qb6 22.a5 Qxb5 23.Qc1 Nxd6 24.exd6 Qc5
25.Ra4 c3 26.Ra3 Qxd6 27.Rd1 Qc7 28.Rxc3 Nf7 { ...1/2-1/2, Ilincic Zlatko 2540
- Pap Gyula 2384 , Budapest 15.11.2005 It (cat.7) } ) ( 9.Rd1 b6 10.b3 Ba6
11.a4 c5 12.Na3 Bb7 13.Qb2 Ne4 14.Be1 Bf6 15.e3 cxd4 16.Nxd4 Qb8 17.Rac1 Rd8
18.Qb1 a6 19.a5 Be7 20.Nac2 bxa5 21.Bxa5 Rc8 22.Nb4 Nef6 23.cxd5 Bxb4 24.Bxb4
Bxd5 25.Rxc8+ Qxc8 26.e4 Bb7 27.f3 Qc7 28.Be1 Rc8 { ...1/2-1/2, Piket Jeroen
2630 - Kramnik Vladimir 2770 , Monte Carlo 1997 It "Melody Amber" (active) } )
9...a5 10.Nc3 ( 10.Rd1 Ne4 11.Be1 f5 12.Nbd2 Ndf6 13.Nxe4 Nxe4 14.Nd2 Bd6
15.Nxe4 { 1/2-1/2, Ljubojevic Ljubomir 2635 - Jussupow Artur 2610 , Linares
1989 It } ) ( 10.Rc1 dxc4 ( 10...Re8 { +0.22 CAP } ) 11.Qxc4 Nb6 12.Qc2 Nfd5
13.Nc3 Nb4 14.Qb3 N6d5 15.Ne4 b6 16.Bg5 Ba6 17.Bxe7 Qxe7 18.Nc3 c5 19.Qd1 Rac8
20.e4 Nf6 21.e5 Nfd5 22.Nxd5 exd5 23.Bh3 Rc7 24.Ne1 Bc8 25.Bg2 Bf5 26.g4 Bc8
27.Rc3 Re8 28.Re3 Qg5 29.h3 Qf4 { ...1/2-1/2, Mochalov Evgeny V 2445 - Eismont
Oleg 2415 , Matra 1993 It (open) } ) ( 10.Na3 Ne4 11.Be3 f5 12.Ne1 g5 13.f3
Nd6 14.Nd3 Qe8 15.c5 Nf7 16.Qc3 Bf6 17.f4 gxf4 18.Bxf4 e5 19.Be3 e4 20.Nf4 Bd8
21.Nc2 Nf6 22.Bd2 Ng5 23.Ne3 Nh5 24.Rf2 Nxf4 25.gxf4 Ne6 26.Kh1 Bh4 27.Rff1
Qh5 28.Be1 Bf6 29.Rd1 Kh8 { ...1/2-1/2, Hertneck Gerald 2519 - Bareev Evgeny
2729 , Germany 2002 Bundesliga 2001/02 } ) 10...dxc4 { -0.18 CAP N } ( 10...b6
11.cxd5 Nxd5 12.Na2 Ba6 13.Rfe1 c5 14.e4 Nb4 15.Nxb4 axb4 16.d5 exd5 17.exd5
Bf6 18.Rad1 b5 19.axb5 Bxb5 20.Bh3 Ba4 21.b3 Bxb3 22.Qxb3 Ra3 23.Qc4 Rxf3
24.Qg4 Rd3 25.Qxd7 Rxd5 26.Qxd8 Rfxd8 27.Bg2 Rd3 28.Bf1 R3d4 29.Bxb4 Rxd1
30.Rxd1 { ...0-1, Golovko Nikolay - Averbakh Yuri L 2445 , Moscow 1950 Ch
Moscow } ) 11.e4 c5 { N } ( 11...e5 12.d5 Qb6 13.Rad1 Bc5 14.Bg5 Re8 15.Qe2 h6
16.Bc1 cxd5 17.Nxd5 Nxd5 18.Rxd5 Qc7 19.Nh4 Nf6 20.Rdd1 Bg4 21.Bf3 Be6 22.Nf5
Rad8 23.Be3 Bxf5 24.exf5 e4 25.Qxc4 Rc8 26.Qxc5 Qxc5 27.Bxc5 Rxc5 28.Bg2 Rxf5
29.Rfe1 g5 30.Rd4 Rfe5 31.b4 { ...0-1, Maslak Alexander 2187 - Shetty Rahul
2350 , Olomouc 6. 8.2005 It (open) } ) ( 11...b6 12.Rfd1 Ba6 13.Ne2 c5 14.Bc3
cxd4 15.Nexd4 Qc7 16.Ng5 e5 17.Nf5 Bc5 18.Qe2 h6 19.Nf3 Ng4 20.Rxd7 Qxd7
21.Nxe5 Nxe5 22.Bxe5 f6 23.Bc3 Rad8 24.Bh3 Kh7 25.Qh5 Qf7 26.Qh4 Bc8 27.Bf1
Rfe8 28.Qf4 Bb7 29.Re1 g5 30.Qf3 Bc8 31.Ne3 { ...1-0, Vasilchenko Oleg 2405 -
Giorgadze Giorgi 2555 , Cuxhaven 1993 It (open) } ) 12.Rfd1 { ?! } ( 12.e5 {
!? } 12...Ng4 { } ) 12...cxd4 13.Nxd4 Nc5 14.Be3 Nd3 15.h3 Nd7 16.Ncb5 N7c5 {
?! } ( 16...N7e5 { !? } 17.Kh2 { } ) 17.e5 { ?! } ( 17.Qxc4 { !? } 17...Nxb2 {
} ) 17...Bd7 18.f4 Rc8 19.Na7 Ra8 20.Nab5 Qb8 21.Rd2 Rc8 { ?! } ( 21...Bxb5 {
!? } 22.Nxb5 { } ) 22.Qxc4 Nb4 23.Qe2 Be8 24.Qd1 Nc6 { ?! } ( 24...Rd8 { !? }
25.Rb1 Kh8 26.Kh2 Nd5 27.Bf2 b6 { } ) 25.Nd6 Bxd6 26.exd6 Nxd4 27.Bxd4 Bd7
28.Rc1 Na6 29.Rxc8+ Qxc8 30.Qh5 f6 31.Be4 f5 32.Rc2 Qf8 33.Bxb7 Nb4 34.Rc7 Rd8
35.Qg5 h6 36.Qe7 { } {#r} 1-0

[Event "It (cat.8)"]
[Site "masterchessopen.com Budapest (Hungary)"]
[Date "2007.12.06"]
[Round "6"]
[White "Ilincic Zlatko (SRB)"]
[Black "Payen Arnaud (FRA)"]
[Result "1-0"]
[WhiteElo "2545"]
[BlackElo "2398"]

1.d4 d5 2.c4 e6 3.Nf3 Nf6 4.g3 Bb4+ 5.Bd2 Be7 6.Bg2 O-O 7.Qc2 c6 8.O-O Nbd7
9.b4 Ne4 10.Be1 f5 11.e3 Bd6 12.a4 Qe7 13.Qb3 Kh8 14.Na3 g5 15.Nc2 g4 16.Nh4
a6 17.b5 axb5 18.axb5 Rxa1 19.Nxa1 Ndf6 20.c5 Bc7 21.b6 Bb8 22.Qa2 Bd7 23.Nb3
Rg8 24.Bb4 Nh5 25.Bxe4 dxe4 26.Ra1 Nf6 27.Qa8 Bxg3 28.hxg3 Rxa8 29.Rxa8+ Kg7
30.Na5 Nd5 31.Be1 e5 32.Nxb7 exd4 33.Nd6 Qg5 34.b7 {#r} 1-0

[Event "It (cat.9)"]
[Site "masterchessopen.com Sydney (Australia)"]
[Round "0"]
[White "Kengis Edvins (LAT)"]
[Black "Handoko Edhi (INA)"]
[Result "1-0"]
[WhiteElo "2575"]
[BlackElo "2390"]

1.Nf3 Nf6 2.c4 e6 3.g3 d5 4.d4 Bb4+ 5.Bd2 a5 6.Bg2 O-O 7.O-O Ne4 8.a3 Be7
9.Nc3 Nxd2 10.Nxd2 c6 11.Rc1 Qb6 12.c5 Qc7 13.Na4 Nd7 14.Qb3 e5 15.e3 exd4
16.exd4 Bf6 17.Nf3 Rb8 18.Qc3 Re8 19.Rfe1 Rxe1+ 20.Rxe1 Nf8 21.Nb6 Be6 22.Qxa5
Nd7 23.Qb4 Nxb6 24.cxb6 Qe7 25.Qxe7 Bxe7 26.Bh3 Bd8 27.Bxe6 fxe6 28.Rxe6 Bxb6
29.Kf1 Kf7 30.Re3 Kf6 31.Ke2 Bc7 32.h4 h6 33.Ne5 Bxe5 34.Rxe5 Ra8 35.Kd3 b6
36.Re1 c5 37.Re5 Rd8 38.h5 Kf7 39.f4 Rd6 40.b3 g6 41.a4 gxh5 42.Rxh5 Kg7
43.Re5 Kf7 44.g4 Rd8 45.Rh5 Rd6 46.a5 cxd4 47.a6 b5 48.a7 Ra6 49.Rxh6 Ra3 {#r}
1-0

[Event "It (cat.9)"]
[Site "masterchessopen.com Minsk (Belarus)"]
[Round "1"]
[White "Shipov Sergei (RUS)"]
[Black "Mochalov Evgeny V (BLR)"]
[Result "1-0"]
[WhiteElo "2490"]
[BlackElo "2445"]

1.d4 Nf6 2.c4 e6 3.Nf3 d5 4.g3 Bb4+ 5.Bd2 a5 6.Qc2 c6 7.Bg2 b6 8.O-O O-O 9.Bg5
Be7 10.Nbd2 Ba6 11.Rfe1 Nbd7 12.e4 Rc8 13.Rad1 h6 14.Bf4 g5 15.Be3 Nxe4
16.Nxe4 dxe4 17.Ne5 f5 18.Ng6 Rf6 19.Nxe7+ Qxe7 20.f3 exf3 21.Bxf3 Qf7 22.b3
e5 23.dxe5 Nxe5 24.Bg2 Nd7 25.Bd4 Rd6 26.Bb2 Rxd1 27.Qxd1 Nc5 28.Qd6 Re8
29.Rf1 Re2 30.Qd4 Kh7 31.Rxf5 Re1+ 32.Bf1 Qe7 33.Qh8+ Kg6 34.Rf6+ {#r} 1-0